|
|
|
|
| LEADER |
00738nab a2200217 i 4500 |
| 001 |
misc61581 |
| 005 |
20230117154559.0 |
| 008 |
220725s1964 hu o 0|| rus d |
| 040 |
|
|
|a SZTE Miscellanea Repozitórium
|b hun
|
| 041 |
|
|
|a rus
|
| 041 |
|
|
|a uig
|
| 100 |
1 |
|
|a Meliev Kamil
|
| 245 |
1 |
0 |
|a Imena dejstviâ v sovremennom ujgurskom âzyke
|h [elektronikus dokumentum] /
|c Meliev Kamil
|
| 260 |
|
|
|a Nauka
|b Moskva
|c 1964
|
| 300 |
|
|
|a 43 p.
|c 22 cm
|
| 561 |
|
|
|a Németh Gyula hagyaték
|
| 591 |
|
|
|a LA 820; NOA 3571
|
| 650 |
|
4 |
|a Bölcsészettudományok
|
| 650 |
|
4 |
|a Nyelvek és irodalom
|
| 695 |
|
|
|a Mai ujgur nyelv - alaktan, Mai ujgur nyelv - mondattan
|
| 856 |
4 |
0 |
|u http://misc.bibl.u-szeged.hu/61581/1/3571_noa_m52.pdf
|z Dokumentum-elérés
|